000 01027cam a2200217 4500
001 WB3807-20
008 020220n2002 000 0 eng u
035 _a(Sirsi) u116772
245 _aNorthern Ireland planning system shake-up
260 _c2002
490 _aPlanning (for the Natural and Built Environment)
_v(1456) 15 February 2002, 1(1)
520 _aModernising Planning Processes, the Green Paper launched by Environment minister,Sam Foster,sets out proposals to reform Northern Ireland's planning system to make it simpler, faster and more accessible. A key feature is the streamlining of area plan production and grouping council districts together to reduce time taken. Green paper at http://www.doeni.gov.uk/planning/Modernising_Home.htm
590 _aWB
650 _aDEVELOPMENT PLANS
650 _aGREEN PAPERS
650 _aNORTHERN IRELAND
650 _aPLANNING
690 _aPROPERTY-PROPERTY DEVELOPMENT
690 _aENVIRONMENTAL AND LAND CONSULTANCY-PLANNING AND DEVELOPMENT
942 _n0
999 _c69549
_d69549